Biblioteca

Del movimiento de Jesús a la iglesia cristiana : Ensayo de exégesis sociológica del cristianismo primitivo / Rafael Aguirre (Registro nro. 37131)

Detalles MARC
000 -LÍDER
Campo fijo de descripción fija 005590000a22001810004500
020 ## - NÚMERO INTERNACIONAL NORMALIZADO PARA LIBROS
Número Internacional Normalizado del libro 84-8169-156-9
041 0# - CÓDIGO DE IDIOMA
Código de idioma para texto/pista de sonido o título separado
082 04 - NÚMERO DE CLASIFICACIÓN DECIMAL DEWEY
Número de clasificación G 261.1 A2841m
001 - NÚMERO DE CONTROL
Campo de control 6881
100 1# - ASIENTO PRINCIPAL--NOMBRE PERSONAL
Nombre personal Aguirre, Rafael (1937-)
245 10 - TÍTULO
Título del Material Del movimiento de Jesús a la iglesia cristiana : Ensayo de exégesis sociológica del cristianismo primitivo / Rafael Aguirre
260 ## - PUBLICACIÓN, DISTRIBUCIÓN, ETC. (PIE DE IMPRENTA)
Lugar de publicación, distribución, etc. Estella, Navarra, España : Verbo Divino
300 ## - DESCRIPCIÓN FÍSICA
Extensión 225 Pag
336 ## - CONTENT TYPE
Content type term texto
Content type code txt
Source rdacontent
337 ## - MEDIA TYPE
Source rdamedia
Media type term sin mediación
Media type code n
338 ## - CARRIER TYPE
Source rdacarrier
Carrier type term volumen
Carrier type code nc
942 ## - TIPO DE MATERIAL (KOHA)
Tipo de Item KOHA Libros General
Existencias
Estado de Material Estado de Perdido Estado de Dañado No para Préstamo Colección Tomo Biblioteca de Origen Biblioteca Permanente Fecha de Adquisición Total de Préstamos Signatura Topográfica Código de Barras Última vez visto Última vez Préstado Ejemplar/Existencia Fecha de Remplazo Tipo de Material
        Colección General   Biblioteca FUSBC Biblioteca FUSBC 05/01/2005 3 G 261.1 A2841m 5630 12/12/2019 03/11/2018 1 26/01/2016 Libros General
        Colección General   Biblioteca FUSBC Biblioteca FUSBC 05/01/2005   G 261.1 A2841m 5631 12/12/2019   2 26/01/2016 Libros General

Biblioteca FUSBC | Teléfono: (57+4) 349 88 10 Ext. 141| WhatsApp (+57) 3005338115 
E-mail: biblioteca@unisbc.edu.co | Calle 76 87-14 Robledo Palenque, Medellín, Colombia

Con tecnología Koha